Honbyakushō taisei no kenkyū,

Saved in:
Bibliographic Details
Main Author: Naitō, Jirō, 1908-
Format: Book
Language:Japanese
Published: Tōkyō, Ochanomizu Shobō, 1968.
Subjects:
Tags: Add Tag
No Tags, Be the first to tag this record!
LEADER 00885cam a2200277 4500
001 007769737-5
005 20024617115958.0
008 890822s1968 ja b 000 0 jpn
010 |a 72803256 /J 
015 |a Ja69-256 
035 0 |a ocm20228939 
040 |a DLC  |c MiEM  |d OCoLC  |d *YNH*  |d CStRLIN 
050 0 |a HD1513.J3  |b N33 
100 1 |6 880-01  |a Naitō, Jirō,  |d 1908- 
245 1 0 |6 880-02  |a Honbyakushō taisei no kenkyū,  |c Naitō Jirō cho. 
260 |6 880-03  |a Tōkyō,  |b Ochanomizu Shobō,  |c 1968. 
300 |a 417 p.  |c 22 cm. 
504 |a Includes bibliographical references in notes. 
650 0 |a Peasants  |z Japan. 
650 0 |a Villages  |z Japan. 
650 0 |a Feudalism  |z Japan. 
880 1 |6 100-01  |a 內藤二郎,  |d 1908- 
880 1 0 |6 245-02  |a 本百姓体制の研究,  |c 內藤二郎著. 
880 |6 260-03  |a 東京,  |b 御茶の水書房,  |c 1968. 
988 |a 20021214 
906 |0 DLC